000 002280000a22000970004500
100 1 _aSan Martín, Martha
245 1 0 _aEl proceso
300 _aVol. 3, Núm 13 (1991), Páginas 11
773 0 _tImpacto Presbiteriano
942 _cANA
999 _c50961
_d50961